00530 2200193 4500001002100000005001500021007000300036008004100039020001800080035002000098082001100118084001700129100002100146245003900167260006100206300004300267650001000310990001600320INLIS00000000000014520231013025423ta231013 g 0 ind  a979-548-011-1 a0010-1023000081 a668.52 a668.52 MAH m0 aMaharani Hasanah1 aMonograf Nilam /cMaharani Hasanah aBogor :bBalai Penelitian Tanaman Rempah dan Obat,c1998 aiv, 137 hlm, :bilus, ;c15 cm x 23 cm 4aNilam a00000000153